Concreto armado preesforzado: teoría, prueba, aplicación

Gardado en:
Detalles Bibliográficos
Autor Principal: Cestelli Guidi, Carlo (Author)
Formato: Libro
Idioma:Lingua castelá
Publicado: Ciudad de México Continental 1958
Subjects:
Tags: Engadir etiqueta
Sen Etiquetas, Sexa o primeiro en etiquetar este rexistro!

MARC

LEADER 00000nam a2200000 a 4500
001 UCU7592
003 CL-VaPUC
008 960705e19580000MX |||||||||||||||||spa|d
082 0 4 |a 624.183  |b CES  |2 21 
100 0 |a Cestelli Guidi, Carlo  |e author  |9 366502 
245 1 0 |a Concreto armado preesforzado: teoría, prueba, aplicación 
300 |a 560 p 
942 |c BK 
945 |d 19960705 00:00:00  |a lriquelm 
260 |a Ciudad de México  |b Continental  |c 1958 
650 0 |a Hormigones  |9 262546 
650 7 |a HORMIGON ARMADO  |2 CL-VaPUC  |9 366503 
650 0 |a Elementos estructurales  |9 350100 
650 0 |a Estructuras  |9 271908 
650 7 |a ESFUERZO  |2 CL-VaPUC  |9 366504 
650 0 |a Análisis estructural mecánico   |9 363908 
650 0 |a Pavimentos  |9 258061 
650 0 |a Puentes  |9 268175 
583 |a last modification  |c 19960705 00:00:00  |k Rodrigo Vera 
999 |c 250189  |d 250187 
952 |0 0  |1 0  |4 0  |6 624_183000000000000_CES_1958  |7 0  |8 A  |9 268052  |a BIBING  |b BIBING  |d 2019-11-19  |i 1698761  |o 624.183 CES 1958  |p 1698761  |r 2025-01-20  |w 2019-11-19  |y BK  |k ING